| 000 | 004230000a22001690004500 | ||
|---|---|---|---|
| 041 | 0 | _aSPA | |
| 082 | 0 | 4 | _aG 265.8 F3631p |
| 100 | 1 | _aFernández, Domingo | |
| 245 | 1 | 0 | _aPara ti que sufres / Domingo Fernández |
| 260 | _aMiami, FL., USA : Juventud | ||
| 300 | _a30 Pag | ||
| 001 | 7158 | ||
| 942 | _cBK | ||
| 999 |
_c37383 _d37383 |
||
| 336 |
_atexto _btxt _2rdacontent |
||
| 337 |
_2rdamedia _asin mediación _bn |
||
| 338 |
_2rdacarrier _avolumen _bnc |
||